| 000 | 00816nab a2200289 a 4500 | ||
|---|---|---|---|
| 001 | 57236 | ||
| 003 | 128458 | ||
| 005 | 20240711092144.0 | ||
| 008 | ||||||n9999 ||| || || | ||
| 041 | _aspa | ||
| 110 | _aInstituto Colombiano de Construcciones Escolares. Colombia | ||
| 245 | 0 |
_aDocumento de trabajo (v3) : _bguia tecnica de reparacion de escuelas ICCE |
|
| 260 |
_aBogotá : _bInstituto Colombiano de construcciones Escolares, _c1988. |
||
| 300 | _a125h | ||
| 562 | _e1 | ||
| 650 | _aCOLOMBIA | ||
| 650 | _aCONSTRUCCION DE PROGRAMAS | ||
| 773 |
_057233 _aGuia tecnica de construcciones escolares con participacion comunitaria |
||
| 942 | _cBKM | ||
| 999 |
_c57236 _d57236 |
||
| 526 | _a102620 | ||
| 526 | _a105630 | ||
| 526 | _a1698 | ||
| 526 | _a4969 | ||
| 526 | _a19790 | ||
| 526 | _a104436 | ||
| 526 | _a1703 | ||